Un slogan publicitaire = une marque #4 - Statistiques

Statistiques générales
  • Ce quiz a été pris 468 fois
  • Le résultat moyen est 8 sur 20
Statistiques - réponses
Slogan Marque % Correct
------ c'est beau la vie, pour les grands et les petits Haribo
97%
Le fromage de l'apéritif - 16 saveurs inoubliables Apericube
80%
---- des idées de génie Gifi
78%
Du fruit, de l’eau de source, du fun ! Oasis
75%
Quatre chiffres. Une bière 1664
64%
Réveillez le ---- qui est en vous Lion
61%
Banque et populaire à la fois Banque populaire
60%
Parce que nous le valons bien L'Oreal
60%
Parce que le monde bouge CIC
36%
Déclaré source de jeunesse par votre corps Evian
32%
C’est autrement bon Entremont
30%
---- deux doigts coupent faim Twix
29%
Renforce vos defenses naturelles Actimel
18%
La recette traditionnelle à cuire – Moi, je craque / Y’a bon Banania
17%
La star du steak haché Bigard
14%
C’est tellement mieux d’être une fille Barbie
12%
--- est là, la saleté s'en va OMO
5%
Et tellement + encore Canal +
3%
Deviens ce que tu es Lacoste
3%
-------, hurlez de plaisir Zalando
2%
Aucun quiz correspondant
Distribution des résultats
% des personnes avec chaque résultat
Percentile par nombre de réponses
Votre historique - résultats
Vous n’avez pas pris ce quiz